| 000 | 01753 a2200253 4500 | ||
|---|---|---|---|
| 001 | 10508 | ||
| 005 | 20260407155439.0 | ||
| 008 | 260407a2004 arg spa d | ||
| 003 | AR-UNSa-BCEJYS | ||
| 040 |
_aAR-UNSa-BCEJYS _bspa _cAR-UNSa-BCEJYS |
||
| 080 |
_a347.748 _xCheques. Cheques cruzados. Cámaras de compensación |
||
| 245 | 1 | 0 |
_aLey de cheques _pLeyes 24.452 y 24.760. Comentadas y anotadas |
| 020 | _a987-1178-16-6 | ||
| 250 | _a2a. ed. | ||
| 264 | 1 |
_aBuenos Aires : _bLexis Nexis _c2004 |
|
| 300 |
_a333 p. _c22 cm. |
||
| 505 | _aLey de cheques.Régimen Legal de Cheques. Capítulo preliminar: De las clases de cheques 1. Del cheque común - 2. De la transmisión - 3. de la presentación y del pago - 4. Del recurso por falta de pago - 5. del cheque cruzado - 6. Del cheque para acreditar en cuenta - 7. Del cheque imputado - 8. Del cheque certificado - 9. Del cheque con la cláusula no negociable - 10. Del aval - 11. del cheque de pago diferido - 12. Disposiciones comunes - 13. Disposiciones complementarias. Apéndice: Proyecto Giraldi - Gómez Leo - Richard. Limitación a las transacciones en dinero en efectivo. Ley 35.345 (Parte pertinente). ley de competitividad. Ley 25.413. Factura de crédito. Creación y forma. Modificación. decreto 363/2002. Normas sobre circulación monetaria. Comunicación "A" 3351 - BCRA. Cheques cancelatorios. Comunicación "A" 3420 - BCRA. Actualización de la Ley de Cheques (anotada y comentada) | ||
| 942 | _cBK | ||
| 590 | _aniveau_biblio:m niveau_hierar:0 | ||
| 100 | 1 | _aGómez Leo, Osvaldo R. | |
| 650 | _aLey 24.452 Ley 24.760 | ||
| 856 | 4 | 1 |
_uhttps://biblioeco.unsa.edu.ar/pmb/images/libros/Ley de cheques-l118884.jpg _yImagen de portada _qimage/jpeg |
| 650 | _a ley 24 452 ley 24 760 | ||
| 999 |
_c470 _d470 |
||